000
00322 a2200157 4500
001
192628
020
_a
85-259-0385-X
040
_c
Magnum
100
_a
Málus
240
1
0
_a
O menino rola bola
_l
por
245
1
0
_a
O menino rola bola
300
_a
12
362
0
_a
1993
697
_a
LITERATURA INFANTIL
942
_c
BK
999
_c
192628
_d
192628